000 01083cam a2200301 4500
001 X113303
008 000000n2001 000 0 eng u
035 _a(Sirsi) u113303
245 _aGreen v Doncaster MBC
260 _c2001
490 _aRating and Valuation Reporter
_v[2001] RVR 117-132(16)
520 _aLT 21 December 1999. Compulsory purchase - Compensation - Scheme - Identification - Effects - Vandalism - Valuation - Evidence of value - Comparables - Rental value - Capitalisation - Cleared site value - Disturbance - Apportionment.
650 _aAPPORTIONMENT
650 _aCAPITALISATION
650 _aCLEARED SITE VALUE
650 _aCOMPARABLES
650 _aCOMPENSATION
650 _aCOMPLUSORY PURCHASE
650 _aDISTURBANCE
650 _aDONCASTER BC V GREEN
650 _aEVIDENCE OF VALUE
650 _aGREEN V DONCASTER MBC
650 _aRENTAL VALUE
650 _aValuation
_96273
650 _aVANDALISM
690 _aENVIRONMENTAL AND LAND CONSULTANCY-PLANNING AND DEVELOPMENT-COMPULSORY PURCHASE AND COMPENSATION
942 _n0
999 _c67490
_d67490